MARC-detaljer
| 000 -LEADER |
| fixed length control field |
08254cam a22020297i 4500 |
| 001 - CONTROL NUMBER |
| control field |
21519009 |
| 003 - CONTROL NUMBER IDENTIFIER |
| control field |
LIBRIS |
| 005 - DATE AND TIME OF LATEST TRANSACTION |
| control field |
20250116082820.0 |
| 008 - FIXED-LENGTH DATA ELEMENTS--GENERAL INFORMATION |
| fixed length control field |
170911s2018 nyu|||||||||||001 0|eng| |
| 010 ## - LIBRARY OF CONGRESS CONTROL NUMBER |
| LC control number |
2016040847 |
| 020 ## - INTERNATIONAL STANDARD BOOK NUMBER |
| International Standard Book Number |
9780190604721 |
| 020 ## - INTERNATIONAL STANDARD BOOK NUMBER |
| International Standard Book Number |
0190604727 |
| 035 ## - SYSTEM CONTROL NUMBER |
| System control number |
(OCoLC)1023077886 |
| 040 ## - CATALOGING SOURCE |
| Original cataloging agency |
DLC |
| Language of cataloging |
eng |
| Transcribing agency |
DLC |
| Modifying agency |
OCLCO |
| -- |
OCLCF |
| -- |
YDX |
| -- |
G |
| Description conventions |
i |
| -- |
rda |
| 041 ## - LANGUAGE CODE |
| Language code of text/sound track or separate title |
eng |
| 042 ## - AUTHENTICATION CODE |
| Authentication code |
pcc |
| 050 #0 - LIBRARY OF CONGRESS CALL NUMBER |
| Classification number |
BD450 |
| 082 00 - DEWEY DECIMAL CLASSIFICATION NUMBER |
| Classification number |
128 |
| Edition number |
23 |
| 084 ## - OTHER CLASSIFICATION NUMBER |
| Classification number |
D |
| Number source |
kssb/8 |
| 100 1# - MAIN ENTRY--PERSONAL NAME |
| Personal name |
Stevenson, Leslie Forster, |
| Dates associated with a name |
1943- |
| Relationship |
aut |
| Authority record control number or standard number |
https://libris.kb.se/0xbfn38j4dc26lp#it |
| 245 10 - TITLE STATEMENT |
| Title |
Thirteen theories of human nature / |
| Statement of responsibility, etc. |
Leslie Stevenson, David L. Haberman, Peter Matthews Wright, Charlotte Witt. |
| 250 ## - EDITION STATEMENT |
| Edition statement |
Seventh Edition |
| 264 #1 - PRODUCTION, PUBLICATION, DISTRIBUTION, MANUFACTURE, AND COPYRIGHT NOTICE |
| Place of production, publication, distribution, manufacture |
New York : |
| Name of producer, publisher, distributor, manufacturer |
Oxford University Press, |
| Date of production, publication, distribution, manufacture, or copyright notice |
[2018] |
| 264 #4 - PRODUCTION, PUBLICATION, DISTRIBUTION, MANUFACTURE, AND COPYRIGHT NOTICE |
| Date of production, publication, distribution, manufacture, or copyright notice |
©2018 |
| 300 ## - PHYSICAL DESCRIPTION |
| Extent |
323 pages |
| 336 ## - CONTENT TYPE |
| Content type term |
text |
| Content type code |
txt |
| Source |
rdacontent |
| 337 ## - MEDIA TYPE |
| Media type term |
unmediated |
| Media type code |
n |
| Source |
rdamedia |
| 338 ## - CARRIER TYPE |
| Carrier type term |
volume |
| Carrier type code |
nc |
| Source |
rdacarrier |
| 500 ## - GENERAL NOTE |
| General note |
Previous editions include: Twelve theories of human nature / Leslie Stevenson (6th ed.); Ten theories of human nature / Leslie Stevenson (5th ed.) |
| 500 ## - GENERAL NOTE |
| General note |
Includes index. |
| 650 #7 - SUBJECT ADDED ENTRY--TOPICAL TERM |
| Topical term or geographic name entry element |
Filosofisk antropologi |
| Authority record control number or standard number |
https://id.kb.se/term/sao/Filosofisk%20antropologi |
| Source of heading or term |
sao |
| 650 #7 - SUBJECT ADDED ENTRY--TOPICAL TERM |
| Topical term or geographic name entry element |
Religioner |
| Authority record control number or standard number |
https://id.kb.se/term/sao/Religioner |
| Source of heading or term |
sao |
| 650 #7 - SUBJECT ADDED ENTRY--TOPICAL TERM |
| Topical term or geographic name entry element |
Filosofi |
| Authority record control number or standard number |
https://id.kb.se/term/sao/Filosofi |
| Source of heading or term |
sao |
| 650 #0 - SUBJECT ADDED ENTRY--TOPICAL TERM |
| Topical term or geographic name entry element |
Philosophical anthropology. |
| 650 #0 - SUBJECT ADDED ENTRY--TOPICAL TERM |
| Topical term or geographic name entry element |
Religions. |
| 650 #0 - SUBJECT ADDED ENTRY--TOPICAL TERM |
| Topical term or geographic name entry element |
Philosophy. |
| 650 #7 - SUBJECT ADDED ENTRY--TOPICAL TERM |
| Topical term or geographic name entry element |
Philosophical anthropology. |
| Source of heading or term |
fast |
| 650 #7 - SUBJECT ADDED ENTRY--TOPICAL TERM |
| Topical term or geographic name entry element |
Philosophy. |
| Source of heading or term |
fast |
| 650 #7 - SUBJECT ADDED ENTRY--TOPICAL TERM |
| Topical term or geographic name entry element |
Religions. |
| Source of heading or term |
fast |
| 650 #0 - SUBJECT ADDED ENTRY--TOPICAL TERM |
| Topical term or geographic name entry element |
Philosophical anthropology |
| 650 #0 - SUBJECT ADDED ENTRY--TOPICAL TERM |
| Topical term or geographic name entry element |
Religions |
| 650 #0 - SUBJECT ADDED ENTRY--TOPICAL TERM |
| Topical term or geographic name entry element |
Philosophy |
| 653 ## - INDEX TERM--UNCONTROLLED |
| Uncontrolled term |
Filosofisk antropologi |
| 653 ## - INDEX TERM--UNCONTROLLED |
| Uncontrolled term |
Religioner |
| 653 ## - INDEX TERM--UNCONTROLLED |
| Uncontrolled term |
Filosofi |
| 653 ## - INDEX TERM--UNCONTROLLED |
| Uncontrolled term |
Philosophical anthropology |
| 653 ## - INDEX TERM--UNCONTROLLED |
| Uncontrolled term |
Religions |
| 653 ## - INDEX TERM--UNCONTROLLED |
| Uncontrolled term |
Philosophy |
| 700 1# - ADDED ENTRY--PERSONAL NAME |
| Personal name |
Haberman, David L., |
| Dates associated with a name |
1952- |
| Relationship |
aut |
| 700 1# - ADDED ENTRY--PERSONAL NAME |
| Personal name |
Wright, Peter Matthews |
| Relationship |
aut |
| 700 1# - ADDED ENTRY--PERSONAL NAME |
| Personal name |
Witt, Charlotte, |
| Dates associated with a name |
1951- |
| Relationship |
aut |
| 776 08 - ADDITIONAL PHYSICAL FORM ENTRY |
| Relationship information |
Online version: |
| Title |
Thirteen theories of human nature |
| Place, publisher, and date of publication |
New York : Oxford University Press, 2017 |
| International Standard Book Number |
9780190604738 |
| Record control number |
(DLC) 2017007211 |
| 887 ## - NON-MARC INFORMATION FIELD |
| Content of non-MARC field |
{"@id":"zh9qj9994vwzlf3","modified":"2019-11-08T08:39:51.323+01:00","checksum":"159650631491"} |
| Source of data |
librisxl |
| 887 ## - NON-MARC INFORMATION FIELD |
| Content of non-MARC field |
{"@id":"3clrvlsn15vlxxm9","modified":"2018-12-03T15:46:14.186+01:00","checksum":"177423540908"} |
| Source of data |
librisxl |
| 887 ## - NON-MARC INFORMATION FIELD |
| Content of non-MARC field |
{"@id":"z3bmrnj444558kf","modified":"2017-09-25T15:48:01+02:00","checksum":"86547725361"} |
| Source of data |
librisxl |
| 887 ## - NON-MARC INFORMATION FIELD |
| Content of non-MARC field |
{"@id":"x9vqzc6kvnpgmmrw","modified":"2020-08-11T13:17:24.662+02:00","checksum":"156116566293"} |
| Source of data |
librisxl |
| 887 ## - NON-MARC INFORMATION FIELD |
| Content of non-MARC field |
{"@id":"bm68x59k80lx44g4","modified":"2019-11-08T08:42:10.185+01:00","checksum":"148148897024"} |
| Source of data |
librisxl |
| 887 ## - NON-MARC INFORMATION FIELD |
| Content of non-MARC field |
{"@id":"hrfz2lskfjdvzk8j","modified":"2018-07-11T12:18:55.039+02:00","checksum":"115926794010"} |
| Source of data |
librisxl |
| 887 ## - NON-MARC INFORMATION FIELD |
| Content of non-MARC field |
{"@id":"jvhkkl19g3qnqlw7","modified":"2019-12-17T13:44:10.235+01:00","checksum":"105426207590"} |
| Source of data |
librisxl |
| 887 ## - NON-MARC INFORMATION FIELD |
| Content of non-MARC field |
{"@id":"n2cf5jxbl189vp8p","modified":"2021-11-15T08:49:51.158+01:00","checksum":"164889786210"} |
| Source of data |
librisxl |
| 887 ## - NON-MARC INFORMATION FIELD |
| Content of non-MARC field |
{"@id":"5jzkt27s32v8tnrp","modified":"2021-04-13T12:48:40.676+02:00","checksum":"95266638003"} |
| Source of data |
librisxl |
| 900 1s - EQUIVALENCE OR CROSS-REFERENCE-PERSONAL NAME [LOCAL, CANADA] |
| Linkage |
100 |
| Dates associated with a name |
1943- |
| Affiliation |
Stevenson, Leslie Forster, |
| Dates associated with a name |
1943- |
| 942 ## - ADDED ENTRY ELEMENTS (KOHA) |
| Source of classification or shelving scheme |
Other/Generic Classification Scheme |
| Koha item type |
Bok |